[Event "7. Open de Sants Hostafrancs"]
[Site "Barcelona ESP"]
[Date "2005.08.30"]
[Round "5.2"]
[White "Gonzalez Garcia, Jose"]
[Black "Handke, Florian"]
[Result "1-0"]
[WhiteElo "2478"]
[BlackElo "2460"]
[PlyCount "141"]
[EventDate "2005.08.27"]
[EventType "swiss"]
[EventRounds "10"]
[EventCountry "ESP"]
[Source "lmi"]
[SourceDate "2005.08.30"]

1. d4 d5 2. c4 c6 3. Nf3 Nf6 4. e3 a6 5. Qc2 e6 6. Nbd2 Nbd7 7. b3 Bd6 8. Bb2
Qe7 9. Be2 O-O 10. O-O e5 11. cxd5 e4 12. Nh4 Nb6 13. dxc6 Bg4 14. Bxg4 Bxh2+
15. Kxh2 Nxg4+ 16. Kg3 f5 17. cxb7 Rae8 18. Qc5 Qg5 19. Nxe4 Qh5 20. Rh1 Nxe3
21. Nf6+ Rxf6 22. fxe3 Qg5+ 23. Kh2 Qxh4+ 24. Kg1 Qe4 25. d5 Rg6 26. Rh2 Qxd5
27. Qxd5+ Nxd5 28. Be5 Rb6 29. b8=Q Rbxb8 30. Bxb8 Rxb8 31. Rh3 Rc8 32. Rf3 g6
33. Re1 Nc3 34. Rf2 Ne4 35. Rb2 Rc3 36. b4 Ra3 37. Ra1 Kf7 38. Rb3 Ra4 39. a3
h5 40. Rc1 h4 41. Rc6 Kg7 42. Rd3 Kh6 43. Re6 Kg5 44. Re5 Kf6 45. Ra5 Rxa5 46.
bxa5 Ke5 47. Rb3 g5 48. Rb6 Nc5 49. Rg6 g4 50. Rh6 Ke4 51. Kf2 Kd3 52. Rd6+ Kc4
53. Ke2 Kb3 54. Rc6 Kc4 55. Rf6 Ne4 56. Rxa6 Kb5 57. Rh6 Kxa5 58. Rxh4 Ka4 59.
Kd3 Kxa3 60. Kd4 Kb3 61. Ke5 Ng3 62. Kf4 Nf1 63. Rh5 Kc3 64. Rxf5 Kd3 65. Rd5+
Ke2 66. e4 Ne3 67. Ra5 Nxg2+ 68. Kxg4 Ne3+ 69. Kf4 Nc4 70. Rd5 Nb6 71. Rd8 1-0

[Event "7. Open de Sants Hostafrancs"]
[Site "Barcelona ESP"]
[Date "2005.08.30"]
[Round "5.3"]
[White "Fluvia Poyatos, Jordi"]
[Black "Nisipeanu, Liviu Dieter"]
[Result "0-1"]
[WhiteElo "2443"]
[BlackElo "2679"]
[PlyCount "60"]
[EventDate "2005.08.27"]
[EventType "swiss"]
[EventRounds "10"]
[EventCountry "ESP"]
[Source "lmi"]
[SourceDate "2005.08.30"]

1. e4 c5 2. Nf3 d6 3. d4 cxd4 4. Nxd4 Nf6 5. Nc3 e6 6. g4 e5 7. Bb5+ Bd7 8.
Bxd7+ Qxd7 9. Nf5 h5 10. gxh5 Nxh5 11. Nd5 Nc6 12. Be3 g6 13. Rg1 Rc8 14. c3
Qe6 15. Qf3 gxf5 16. exf5 e4 17. Qd1 Qe5 18. f4 exf3 19. Qxf3 Nf6 20. O-O-O
Nxd5 21. Rxd5 Qxh2 22. Rd2 Qh3 23. Qe4+ Kd7 24. Bf4 Rh5 25. Bxd6 Bxd6 26. Qf4
Qh2 27. Rxd6+ Kc7 28. Rxc6+ Kxc6 29. Qc4+ Kb6 30. Qb3+ Kc7 0-1

[Event "7. Open de Sants Hostafrancs"]
[Site "Barcelona ESP"]
[Date "2005.08.30"]
[Round "5.5"]
[White "Panelo Muñoz, Marcelo"]
[Black "Marin, Mihail"]
[Result "1/2-1/2"]
[WhiteElo "2404"]
[BlackElo "2537"]
[PlyCount "62"]
[EventDate "2005.08.27"]
[EventType "swiss"]
[EventRounds "10"]
[EventCountry "ESP"]
[Source "lmi"]
[SourceDate "2005.08.30"]

1. d4 Nf6 2. c4 c5 3. d5 e5 4. Nc3 d6 5. e4 Be7 6. Be2 O-O 7. Nf3 Nbd7 8. O-O
Ne8 9. a3 g6 10. Ne1 Ng7 11. Nd3 f5 12. b4 b6 13. bxc5 bxc5 14. Rb1 f4 15. Bd2
Kh8 16. Qa4 g5 17. f3 h5 18. Nf2 Nb6 19. Qb3 Rf6 20. Nb5 a6 21. Nc3 Nd7 22. Na4
Rb8 23. Qc3 Rxb1 24. Rxb1 Qc7 25. Qb2 Bd8 26. Bc3 Rg6 27. h3 Ne8 28. Nd3 Nef6
29. Nf2 Kh7 30. Kf1 Ng8 31. Qb3 Nh6 1/2-1/2

[Event "7. Open de Sants Hostafrancs"]
[Site "Barcelona ESP"]
[Date "2005.08.30"]
[Round "5.7"]
[White "Gordon, Stephen J"]
[Black "Grigore, George Gabriel"]
[Result "1/2-1/2"]
[WhiteElo "2390"]
[BlackElo "2479"]
[PlyCount "55"]
[EventDate "2005.08.27"]
[EventType "swiss"]
[EventRounds "10"]
[EventCountry "ESP"]
[Source "lmi"]
[SourceDate "2005.08.30"]

1. d4 Nf6 2. c4 d6 3. Nc3 Bf5 4. f3 e5 5. e4 exd4 6. Qxd4 Nc6 7. Qd2 Be6 8. b3
g6 9. Bb2 Bg7 10. Nge2 O-O 11. g3 Ne5 12. Bg2 Bh3 13. O-O Bxg2 14. Kxg2 a6 15.
Rac1 b5 16. Nd5 c6 17. Nxf6+ Qxf6 18. Ba1 Qe7 19. cxb5 axb5 20. Bxe5 dxe5 21.
Rxc6 Rfd8 22. f4 Bh6 23. Qc2 Qd7 24. a4 bxa4 25. bxa4 exf4 26. Nxf4 Qd2+ 27.
Qxd2 Rxd2+ 28. Kh3 1/2-1/2

[Event "7. Open de Sants Hostafrancs"]
[Site "Barcelona ESP"]
[Date "2005.08.30"]
[Round "5.8"]
[White "Mela, Benjamin"]
[Black "Al Sayed, Mohamad Naser"]
[Result "1/2-1/2"]
[WhiteElo "2299"]
[BlackElo "2478"]
[PlyCount "55"]
[EventDate "2005.08.27"]
[EventType "swiss"]
[EventRounds "10"]
[EventCountry "ESP"]
[Source "lmi"]
[SourceDate "2005.08.30"]

1. e4 c5 2. Nf3 Nc6 3. d4 cxd4 4. Nxd4 Nf6 5. Nc3 e5 6. Ndb5 d6 7. Bg5 a6 8.
Na3 b5 9. Nd5 Be7 10. Nxe7 Nxe7 11. Bxf6 gxf6 12. c4 f5 13. exf5 Nxf5 14. cxb5
Nd4 15. bxa6 Bxa6 16. Bxa6 Qa5+ 17. Qd2 Qxa6 18. Nc2 Kd7 19. Nxd4 exd4 20. f3
Rhe8+ 21. Kf2 d3 22. Rhe1 Qb6+ 23. Kf1 Qd4 24. Rxe8 Rxe8 25. Qc3 Qd5 26. Rd1
Re3 27. Qb3 Rxf3+ 28. gxf3 1/2-1/2

[Event "7. Open de Sants Hostafrancs"]
[Site "Barcelona ESP"]
[Date "2005.08.30"]
[Round "5.9"]
[White "Narciso Dublan, Marc"]
[Black "Koskinen, Henri"]
[Result "1-0"]
[WhiteElo "2476"]
[BlackElo "2296"]
[PlyCount "79"]
[EventDate "2005.08.27"]
[EventType "swiss"]
[EventRounds "10"]
[EventCountry "ESP"]
[Source "lmi"]
[SourceDate "2005.08.30"]

1. c4 c5 2. Nf3 Nf6 3. d4 cxd4 4. Nxd4 g6 5. Nc3 Bg7 6. e4 O-O 7. Be2 d6 8. O-O
Nc6 9. Be3 Bd7 10. Nb3 a5 11. Nd2 Nb4 12. f4 Bc6 13. a3 Na6 14. Qc2 e6 15. Rad1
Qe7 16. Nb3 a4 17. Nd4 d5 18. e5 Nd7 19. cxd5 exd5 20. Bf3 Rfc8 21. Rfe1 Nc7
22. Nxc6 bxc6 23. Nxa4 Ne6 24. g3 h5 25. Bf2 h4 26. Nc3 Bh6 27. Bg4 hxg3 28.
hxg3 Bg7 29. Ne2 Ndf8 30. Rd2 Qb7 31. Bf3 Nd7 32. Nd4 Nxd4 33. Bxd4 Nf8 34. Bg4
Rc7 35. Bc5 Re8 36. Bd6 Qb6+ 37. Kg2 Rb7 38. Rc1 f5 39. Bf3 Qe3 40. Re2 1-0

[Event "7. Open de Sants Hostafrancs"]
[Site "Barcelona ESP"]
[Date "2005.08.30"]
[Round "5.10"]
[White "Goossens, Etienne"]
[Black "Borges Mateos, Juan"]
[Result "0-1"]
[WhiteElo "2229"]
[BlackElo "2467"]
[PlyCount "66"]
[EventDate "2005.08.27"]
[EventType "swiss"]
[EventRounds "10"]
[EventCountry "ESP"]
[Source "lmi"]
[SourceDate "2005.08.30"]

1. d4 d5 2. Bf4 Nf6 3. e3 c5 4. dxc5 Nc6 5. Bb5 e6 6. b4 Bd7 7. c3 a5 8. Qb3
Nh5 9. Nf3 Nxf4 10. exf4 Qf6 11. O-O Qxf4 12. Re1 Be7 13. Bxc6 Bxc6 14. a4 O-O
15. Nbd2 Bf6 16. Ra2 e5 17. b5 Bd7 18. c4 e4 19. cxd5 exf3 20. Qxf3 Qb4 21. c6
bxc6 22. bxc6 Bc8 23. Rb1 Qe7 24. Qe4 Be5 25. Re1 Re8 26. Nc4 Bxh2+ 27. Kxh2
Qxe4 28. Rxe4 Rxe4 29. Nb6 Rb8 30. Nxc8 Rxc8 31. Rb2 Kf8 32. Rb7 Rd4 33. Rd7
Ke8 0-1

[Event "7. Open de Sants Hostafrancs"]
[Site "Barcelona ESP"]
[Date "2005.08.30"]
[Round "5.11"]
[White "Barrientos Chavarriaga, Sergio"]
[Black "Albaina Alvarez, Alvaro"]
[Result "1-0"]
[WhiteElo "2433"]
[BlackElo "2200"]
[PlyCount "55"]
[EventDate "2005.08.27"]
[EventType "swiss"]
[EventRounds "10"]
[EventCountry "ESP"]
[Source "lmi"]
[SourceDate "2005.08.30"]

1. e4 e6 2. d4 d5 3. Nc3 Nf6 4. Bg5 dxe4 5. Nxe4 Nbd7 6. Nxf6+ Nxf6 7. Nf3 c5
8. Ne5 a6 9. c3 cxd4 10. Qa4+ Bd7 11. Qxd4 Bc6 12. Qxd8+ Rxd8 13. Nxc6 bxc6 14.
Bxa6 Be7 15. Ke2 O-O 16. Bc4 h6 17. Bf4 Nd5 18. Bxd5 cxd5 19. a4 f6 20. Rhd1 e5
21. Be3 Kf7 22. a5 Ke6 23. a6 Rb8 24. b4 Rb5 25. a7 Ra8 26. Ra6+ Kf5 27. Kf3
Kg6 28. Rb6 1-0

[Event "7. Open de Sants Hostafrancs"]
[Site "Barcelona ESP"]
[Date "2005.08.30"]
[Round "5.12"]
[White "Zude, Erik"]
[Black "Almeida Toledano, Daniel"]
[Result "1-0"]
[WhiteElo "2424"]
[BlackElo "2163"]
[PlyCount "58"]
[EventDate "2005.08.27"]
[EventType "swiss"]
[EventRounds "10"]
[EventCountry "ESP"]
[Source "lmi"]
[SourceDate "2005.08.30"]

1. d4 d5 2. c4 c6 3. Nc3 Nf6 4. Nf3 e6 5. Bg5 dxc4 6. e4 b5 7. e5 h6 8. Bh4 g5
9. Nxg5 hxg5 10. Bxg5 Nbd7 11. g3 Bb7 12. Bg2 Qb6 13. exf6 c5 14. d5 b4 15. O-O
O-O-O 16. Na4 Qa6 17. a3 b3 18. Nc3 Ne5 19. Re1 Nd3 20. Qg4 Re8 21. Re2 Kb8 22.
h4 Bd6 23. dxe6 Ne5 24. exf7 Rd8 25. Bxb7 Qxb7 26. Rxe5 Bxe5 27. Bf4 Bxf4 28.
Qxf4+ Ka8 29. Re1 Rd5 1-0

[Event "7. Open de Sants Hostafrancs"]
[Site "Barcelona ESP"]
[Date "2005.08.30"]
[Round "5.13"]
[White "Ramirez Gonzalez, Juan Alberto"]
[Black "Mascaro March, Pedro"]
[Result "1/2-1/2"]
[WhiteElo "2173"]
[BlackElo "2406"]
[PlyCount "54"]
[EventDate "2005.08.27"]
[EventType "swiss"]
[EventRounds "10"]
[EventCountry "ESP"]
[Source "lmi"]
[SourceDate "2005.08.30"]

1. e4 c5 2. c3 Nf6 3. e5 Nd5 4. d4 cxd4 5. cxd4 d6 6. Nf3 Nc6 7. Bc4 dxe5 8.
Nxe5 e6 9. O-O Bd6 10. Qh5 O-O 11. Nxc6 bxc6 12. Nc3 Qb6 13. Ne4 Be7 14. Rd1
Ba6 15. b3 Nf6 16. Nxf6+ Bxf6 17. Ba3 Bxd4 18. Bxf8 Bxc4 19. Rxd4 Qxd4 20. Rd1
Qe4 21. bxc4 Rxf8 22. Qc5 Qe2 23. Rf1 a5 24. g3 a4 25. Qxc6 Qxa2 26. Qa6 a3 27.
c5 h5 1/2-1/2

[Event "7. Open de Sants Hostafrancs"]
[Site "Barcelona ESP"]
[Date "2005.08.30"]
[Round "5.14"]
[White "Al Modiahki, Mohamad"]
[Black "Marin, Irina Luiza"]
[Result "1-0"]
[WhiteElo "2570"]
[BlackElo "2224"]
[PlyCount "73"]
[EventDate "2005.08.27"]
[EventType "swiss"]
[EventRounds "10"]
[EventCountry "ESP"]
[Source "lmi"]
[SourceDate "2005.08.30"]

1. e4 d6 2. d4 Nf6 3. Nc3 g6 4. Be3 c6 5. Qd2 Nbd7 6. Nf3 b5 7. Bd3 e5 8. dxe5
dxe5 9. O-O Bb7 10. h3 Bg7 11. Ne2 a6 12. Ng3 O-O 13. a4 Qe7 14. c4 b4 15. c5
a5 16. Rac1 Rad8 17. Qe2 Kh8 18. Rfd1 Ng8 19. Nd2 Ndf6 20. Nc4 Qc7 21. Rd2 Bc8
22. Nd6 Be6 23. Bc4 Bxc4 24. Qxc4 Ra8 25. Rcd1 h5 26. Nf1 Bh6 27. Rd3 Kg7 28.
Bxh6+ Nxh6 29. Ne3 h4 30. Qc1 Rg8 31. Nec4 Qa7 32. Nxe5 Qc7 33. Qg5 Rae8 34.
Nxe8+ Rxe8 35. Rd6 Nxe4 36. Rxg6+ fxg6 37. Rd7+ 1-0

[Event "7. Open de Sants Hostafrancs"]
[Site "Barcelona ESP"]
[Date "2005.08.30"]
[Round "5.15"]
[White "Levin, Felix"]
[Black "Fabregas Fernandez, Bernat"]
[Result "1-0"]
[WhiteElo "2501"]
[BlackElo "2221"]
[PlyCount "111"]
[EventDate "2005.08.27"]
[EventType "swiss"]
[EventRounds "10"]
[EventCountry "ESP"]
[Source "lmi"]
[SourceDate "2005.08.30"]

1. d4 Nf6 2. Nf3 d6 3. c4 Bg4 4. Qb3 Qc8 5. h3 Bxf3 6. exf3 g6 7. Be3 Bg7 8.
Nc3 O-O 9. Be2 c6 10. d5 c5 11. f4 b6 12. g4 Ne8 13. f5 Nd7 14. fxg6 fxg6 15.
O-O-O a6 16. g5 b5 17. Bg4 bxc4 18. Be6+ Kh8 19. Qa4 Nb6 20. Qc2 Qb7 21. h4 Nc7
22. h5 Nxe6 23. dxe6 Qf3 24. hxg6 Qf5 25. Rxh7+ Kg8 26. Rdh1 Qxe6 27. Qe4 Qxe4
28. Nxe4 Rf3 29. Ng3 Rxg3 30. fxg3 Nd5 31. Bd2 Rf8 32. R7h4 Bd4 33. Re1 Rf3 34.
Rh7 Bg7 35. Re4 Rxg3 36. Rxc4 Rg1+ 37. Kc2 Rg2 38. Rch4 Nb4+ 39. Kd1 Nd3 40. b3
Ne5 41. Bc3 Rxg5 42. Bxe5 Rxe5 43. Ra4 Rg5 44. Rxa6 Rxg6 45. Rh2 Kf7 46. Kc2
Rg3 47. Rb6 Ke6 48. Re2+ Be5 49. a4 Rg1 50. Kd3 Kd5 51. a5 Ra1 52. a6 e6 53.
Rc2 Bd4 54. Ke2 e5 55. Rc4 e4 56. Ra4 1-0

[Event "7. Open de Sants Hostafrancs"]
[Site "Barcelona ESP"]
[Date "2005.08.30"]
[Round "5.16"]
[White "Megaranto, Susanto"]
[Black "Lacasta Palacios, Joaquim"]
[Result "1-0"]
[WhiteElo "2499"]
[BlackElo "2180"]
[PlyCount "61"]
[EventDate "2005.08.27"]
[EventType "swiss"]
[EventRounds "10"]
[EventCountry "ESP"]
[Source "lmi"]
[SourceDate "2005.08.30"]

1. e4 d5 2. exd5 Qxd5 3. Nc3 Qa5 4. d4 c6 5. Nf3 Bf5 6. Bc4 e6 7. Bd2 Qc7 8.
Bb3 Nf6 9. Qe2 Be7 10. Ne5 h5 11. f3 h4 12. O-O-O Nbd7 13. g4 hxg3 14. hxg3
Rxh1 15. Rxh1 Nxe5 16. dxe5 Nd7 17. g4 Bg6 18. Rh8+ Bf8 19. f4 O-O-O 20. Qf1
Bb4 21. Rxd8+ Qxd8 22. f5 Bxc3 23. bxc3 exf5 24. gxf5 Bh7 25. Bxf7 Nxe5 26.
Be6+ Nd7 27. Qg1 Qe7 28. Qxa7 Qd6 29. Qa8+ Kc7 30. Qa5+ Kc8 31. Bg5 1-0

[Event "7. Open de Sants Hostafrancs"]
[Site "Barcelona ESP"]
[Date "2005.08.30"]
[Round "5.17"]
[White "Ledger, Stephen"]
[Black "Gonzalez, Yuri"]
[Result "0-1"]
[WhiteElo "2171"]
[BlackElo "2495"]
[PlyCount "84"]
[EventDate "2005.08.27"]
[EventType "swiss"]
[EventRounds "10"]
[EventCountry "ESP"]
[Source "lmi"]
[SourceDate "2005.08.30"]

1. d4 Nf6 2. Nf3 e6 3. Bf4 c5 4. c3 b6 5. e3 Bb7 6. Be2 Be7 7. h3 O-O 8. O-O d6
9. Nbd2 a6 10. Bh2 cxd4 11. exd4 Qc7 12. Re1 Re8 13. Bd3 Nbd7 14. Ne4 Nxe4 15.
Bxe4 Bxe4 16. Rxe4 b5 17. a3 a5 18. Qb3 Rab8 19. Ree1 Nb6 20. Rac1 Rec8 21. Bf4
Nd5 22. Bg5 Bf8 23. Nh2 Qc4 24. Qxc4 Rxc4 25. Nf1 h6 26. Bd2 Nb6 27. b3 Rcc8
28. Ne3 d5 29. b4 Bd6 30. g3 f6 31. Kg2 Kf7 32. h4 h5 33. f4 g6 34. Kf3 Rc6 35.
Rc2 Ra8 36. Ra1 Nc4 37. Nxc4 Rxc4 38. Rca2 e5 39. dxe5 fxe5 40. Rb1 e4+ 41. Ke2
axb4 42. cxb4 Ke6 0-1

[Event "7. Open de Sants Hostafrancs"]
[Site "Barcelona ESP"]
[Date "2005.08.30"]
[Round "5.18"]
[White "Fluvia Poyatos, Joan"]
[Black "Severri Arrese, Carlos"]
[Result "1-0"]
[WhiteElo "2458"]
[BlackElo "2150"]
[PlyCount "93"]
[EventDate "2005.08.27"]
[EventType "swiss"]
[EventRounds "10"]
[EventCountry "ESP"]
[Source "lmi"]
[SourceDate "2005.08.30"]

1. e4 e6 2. d4 d5 3. Nd2 Nf6 4. e5 Nfd7 5. Bd3 c5 6. c3 Nc6 7. Ngf3 b6 8. O-O
Bb7 9. Re1 Qc7 10. Nf1 h6 11. h4 O-O-O 12. a3 Kb8 13. b4 c4 14. Bc2 Ka8 15. Qd2
Re8 16. Qf4 Nd8 17. h5 Be7 18. N1h2 Nf8 19. Qg3 Nh7 20. b5 Bc8 21. a4 Nb7 22.
Qxg7 Reg8 23. Qxf7 Rf8 24. Qg6 Rfg8 25. Bxh6 Rxg6 26. hxg6 Nf6 27. Bg7 Qd8 28.
Bxh8 Qxh8 29. exf6 Bxf6 30. Ng4 Bg7 31. Nfe5 Qh5 32. Re3 Nd6 33. Rh3 Qg5 34.
Rh7 Ne8 35. Rd1 Qe7 36. Nc6 Qf8 37. Rh3 Qa3 38. Rf3 Nd6 39. Nf6 Qb2 40. Nb4 Nf5
41. Rb1 Qa3 42. Bxf5 exf5 43. Nh5 Bh6 44. g7 Bxg7 45. Nxg7 Qxa4 46. Nxf5 Qxb5
47. Nd6 1-0

[Event "7. Open de Sants Hostafrancs"]
[Site "Barcelona ESP"]
[Date "2005.08.30"]
[Round "5.19"]
[White "Ledger, Andrew"]
[Black "Vera Pons, Felipe"]
[Result "1-0"]
[WhiteElo "2438"]
[BlackElo "2148"]
[PlyCount "111"]
[EventDate "2005.08.27"]
[EventType "swiss"]
[EventRounds "10"]
[EventCountry "ESP"]
[Source "lmi"]
[SourceDate "2005.08.30"]

1. e4 c5 2. Nc3 d6 3. g3 Nc6 4. Bg2 g6 5. d3 Bg7 6. Be3 Rb8 7. Qd2 b5 8. Nge2
Nd4 9. O-O h5 10. h4 Qa5 11. Nc1 Nf6 12. f3 e5 13. Nb3 Qb6 14. Kh1 Be6 15. Rae1
a5 16. Nd1 d5 17. Bg5 dxe4 18. fxe4 Ng4 19. Ne3 f6 20. Nxg4 Bxg4 21. Be3 Ne6
22. Nxa5 Ra8 23. b4 Qc7 24. a3 O-O 25. Bf3 Bxf3+ 26. Rxf3 Rfc8 27. Rf2 cxb4 28.
axb4 Qc3 29. Rb1 Qxd2 30. Rxd2 Bf8 31. c4 Bxb4 32. Rxb4 Rxa5 33. cxb5 Rb8 34.
b6 Rb7 35. Rc4 Kf7 36. Rdc2 Ra8 37. Rc8 Rxc8 38. Rxc8 Ke7 39. Kg2 Kd7 40. Rg8
g5 41. Rh8 gxh4 42. gxh4 Kc6 43. Kf3 Nd4+ 44. Bxd4 exd4 45. Rf8 Kxb6 46. Rxf6+
Kc5 47. Rf5+ Kb4 48. e5 Kc3 49. Ke4 Rb1 50. e6 Re1+ 51. Kd5 Kxd3 52. Re5 Ra1
53. e7 Ra5+ 54. Kd6 Ra6+ 55. Kd7 Ra7+ 56. Kc6 1-0

[Event "7. Open de Sants Hostafrancs"]
[Site "Barcelona ESP"]
[Date "2005.08.30"]
[Round "5.20"]
[White "Marchador Villalba, Jordi"]
[Black "Escobar Forero, Alder"]
[Result "0-1"]
[WhiteElo "2170"]
[BlackElo "2416"]
[PlyCount "92"]
[EventDate "2005.08.27"]
[EventType "swiss"]
[EventRounds "10"]
[EventCountry "ESP"]
[Source "lmi"]
[SourceDate "2005.08.30"]

1. d4 d6 2. Bg5 Nd7 3. Nf3 Ngf6 4. Nbd2 d5 5. e3 e6 6. Bd3 Be7 7. O-O c5 8. c3
O-O 9. Re1 b6 10. Ne5 Bb7 11. Nxd7 Nxd7 12. Bf4 Bf6 13. Qh5 g6 14. Qh3 e5 15.
Bh6 Re8 16. Bb5 Bc8 17. dxc5 a6 18. Bxd7 Bxd7 19. Qf3 e4 20. Qd1 bxc5 21. Bf4
Qb6 22. Qb3 Qc6 23. Qc2 Bf5 24. Rac1 h5 25. h3 a5 26. Nf1 a4 27. Qe2 Bc8 28. g4
g5 29. Bh2 Ba6 30. Qd1 h4 31. f4 Bc4 32. fxg5 Bxg5 33. Rc2 Bxa2 34. Rf2 Bb3 35.
Qc1 Bc4 36. Rf5 Bf6 37. g5 Bg7 38. Qd1 Qe6 39. Qg4 Ba6 40. Rf4 Qxg4+ 41. Rxg4
d4 42. exd4 cxd4 43. Rgxe4 Rxe4 44. Rxe4 Bxf1 45. Kxf1 dxc3 46. bxc3 a3 0-1

[Event "7. Open de Sants Hostafrancs"]
[Site "Barcelona ESP"]
[Date "2005.08.31"]
[Round "6.1"]
[White "Peralta, Fernando"]
[Black "Gonzalez Garcia, Jose"]
[Result "0-1"]
[WhiteElo "2553"]
[BlackElo "2478"]
[PlyCount "62"]
[EventDate "2005.08.27"]
[EventType "swiss"]
[EventRounds "10"]
[EventCountry "ESP"]
[Source "lmi"]
[SourceDate "2005.08.30"]

1. d4 d5 2. c4 dxc4 3. e3 Nf6 4. Bxc4 e6 5. Nf3 c5 6. O-O a6 7. Bd3 cxd4 8.
exd4 Nc6 9. Nc3 Be7 10. a3 O-O 11. Bc2 b5 12. Qd3 Bb7 13. Re1 Na5 14. Ne5 Rc8
15. Qh3 Nc4 16. Bg5 g6 17. Bh6 Nxb2 18. Bxf8 Bxf8 19. Bb3 Qxd4 20. Rac1 b4 21.
axb4 Bxb4 22. Nxf7 Rxc3 23. Qxe6 Kg7 24. Ne5 Qe4 25. Qf7+ Kh6 26. Nf3 Rxc1 27.
Rxc1 Qf4 28. Rc7 Bxf3 29. gxf3 Bd6 30. Qg7+ Kh5 31. Rc3 Be5 0-1

[Event "7. Open de Sants Hostafrancs"]
[Site "Barcelona ESP"]
[Date "2005.08.31"]
[Round "6.3"]
[White "Borges Mateos, Juan"]
[Black "Parligras, Mircea"]
[Result "1/2-1/2"]
[WhiteElo "2467"]
[BlackElo "2571"]
[PlyCount "30"]
[EventDate "2005.08.27"]
[EventType "swiss"]
[EventRounds "10"]
[EventCountry "ESP"]
[Source "lmi"]
[SourceDate "2005.08.30"]

1. Nf3 g6 2. d4 Bg7 3. c4 d6 4. Nc3 Bg4 5. e3 Nf6 6. Qb3 Qc8 7. Be2 O-O 8. h3
Bf5 9. g4 Bd7 10. e4 e5 11. d5 a5 12. Be3 Na6 13. Nd2 Nc5 14. Qc2 Ne8 15. Nb3
b6 1/2-1/2

[Event "7. Open de Sants Hostafrancs"]
[Site "Barcelona ESP"]
[Date "2005.08.31"]
[Round "6.5"]
[White "Zude, Erik"]
[Black "Narciso Dublan, Marc"]
[Result "1/2-1/2"]
[WhiteElo "2424"]
[BlackElo "2476"]
[PlyCount "105"]
[EventDate "2005.08.27"]
[EventType "swiss"]
[EventRounds "10"]
[EventCountry "ESP"]
[Source "lmi"]
[SourceDate "2005.08.30"]

1. d4 d5 2. c4 e6 3. Nc3 Nf6 4. Bg5 Be7 5. e3 h6 6. Bh4 O-O 7. Nf3 b6 8. Bd3
Bb7 9. O-O Nbd7 10. Qe2 c5 11. Bg3 Ne4 12. Bxe4 dxe4 13. Ne5 cxd4 14. exd4 f5
15. f4 Nxe5 16. dxe5 Qd3 17. Bf2 Ba6 18. Qxd3 exd3 19. b3 Bb4 20. Na4 Rfd8 21.
a3 Be7 22. Nb2 Bb7 23. Rfd1 Be4 24. Be3 g5 25. Kf2 Kf7 26. g3 Rd7 27. b4 Kg6
28. Rd2 Rad8 29. Rc1 gxf4 30. Bxf4 a5 31. bxa5 bxa5 32. Rc3 h5 33. Be3 h4 34.
c5 hxg3+ 35. hxg3 Rc7 36. c6 Rxc6 37. Rxc6 Bxc6 38. Nxd3 Kf7 39. Bb6 Rd5 40.
Rc2 Rxd3 41. Rxc6 Rd5 42. a4 Rxe5 43. Rc7 Ke8 44. Rc8+ Kd7 45. Rc7+ Kd6 46. Ra7
Kc6 47. Rxa5 Bc5+ 48. Bxc5 Rxc5 49. Rxc5+ Kxc5 50. g4 fxg4 51. Kg3 Kb4 52. Kxg4
Kxa4 53. Kf4 1/2-1/2

[Event "7. Open de Sants Hostafrancs"]
[Site "Barcelona ESP"]
[Date "2005.08.31"]
[Round "6.6"]
[White "Panelo Muñoz, Marcelo"]
[Black "Al Modiahki, Mohamad"]
[Result "0-1"]
[WhiteElo "2404"]
[BlackElo "2570"]
[PlyCount "58"]
[EventDate "2005.08.27"]
[EventType "swiss"]
[EventRounds "10"]
[EventCountry "ESP"]
[Source "lmi"]
[SourceDate "2005.08.30"]

1. d4 Nf6 2. c4 e6 3. Nf3 d5 4. Nc3 c6 5. e3 Nbd7 6. Qc2 Bd6 7. Bd3 O-O 8. O-O
dxc4 9. Bxc4 Qe7 10. a3 b5 11. Bd3 Bb7 12. Bd2 Rfd8 13. Ng5 h6 14. Nge4 Nxe4
15. Nxe4 c5 16. Nxd6 Qxd6 17. dxc5 Nxc5 18. Bh7+ Kh8 19. Bb4 Qd5 20. f3 Rdc8
21. Rad1 Qe5 22. Kh1 Ne4 23. Qb1 Kxh7 24. Bc3 Qf5 25. fxe4 Qg6 26. Rf4 Rd8 27.
Rxd8 Rxd8 28. Qf1 Bxe4 29. h3 Rd1 0-1

[Event "7. Open de Sants Hostafrancs"]
[Site "Barcelona ESP"]
[Date "2005.08.31"]
[Round "6.7"]
[White "Marin, Mihail"]
[Black "Gordon, Stephen J"]
[Result "1-0"]
[WhiteElo "2537"]
[BlackElo "2390"]
[PlyCount "61"]
[EventDate "2005.08.27"]
[EventType "swiss"]
[EventRounds "10"]
[EventCountry "ESP"]
[Source "lmi"]
[SourceDate "2005.08.30"]

1. c4 e5 2. Nc3 Nc6 3. g3 f5 4. Bg2 Nf6 5. a3 g6 6. b4 Bg7 7. Bb2 a6 8. d3 O-O
9. Nf3 d6 10. O-O h6 11. Nd2 g5 12. e3 f4 13. Nd5 Ne7 14. Nxf6+ Rxf6 15. exf4
gxf4 16. d4 Rg6 17. dxe5 Bg4 18. Nf3 Qd7 19. Qc2 Rf8 20. exd6 cxd6 21. Bxg7
Rxg7 22. c5 dxc5 23. Qxc5 Nc6 24. Rad1 Qf7 25. Rd6 Kh7 26. a4 Qb3 27. Rxc6 bxc6
28. Qxf8 Bxf3 29. Qf5+ Rg6 30. Re1 Qxb4 31. Rb1 1-0

[Event "7. Open de Sants Hostafrancs"]
[Site "Barcelona ESP"]
[Date "2005.08.31"]
[Round "6.8"]
[White "Hernando Rodrigo, Julio A"]
[Black "Levin, Felix"]
[Result "1/2-1/2"]
[WhiteElo "2371"]
[BlackElo "2501"]
[PlyCount "92"]
[EventDate "2005.08.27"]
[EventType "swiss"]
[EventRounds "10"]
[EventCountry "ESP"]
[Source "lmi"]
[SourceDate "2005.08.30"]

1. d4 Nf6 2. c4 e6 3. Nc3 Bb4 4. e3 O-O 5. Bd3 c5 6. a3 Bxc3+ 7. bxc3 Nc6 8. g4
d5 9. cxd5 exd5 10. f3 Ne8 11. Ne2 Qh4+ 12. Ng3 c4 13. Bc2 Nd6 14. a4 Re8 15.
O-O f6 16. Qd2 Be6 17. Qg2 g6 18. h3 Nf7 19. f4 Nd6 20. Ba3 Rad8 21. Bxd6 Rxd6
22. e4 dxe4 23. Bxe4 Bf7 24. Rae1 Rd7 25. Kh2 Rde7 26. Bxc6 Rxe1 27. Bxe8 Rxe8
28. Qxb7 Re3 29. Rf3 Re1 30. Qb8+ Kg7 31. Qb2 Bd5 32. Qf2 Kf7 33. Qxe1 Bxf3 34.
d5 Bxg4 35. Qf1 Ke7 36. f5 Bxf5 37. Nxf5+ gxf5 38. Qxf5 Qe1 39. d6+ Kxd6 40.
Qxf6+ Qe6 41. Qd8+ Kc6 42. Qa8+ Kb6 43. Qb8+ Kc6 44. Qa8+ Kb6 45. Qb8+ Kc6 46.
Qa8+ Kb6 1/2-1/2

[Event "7. Open de Sants Hostafrancs"]
[Site "Barcelona ESP"]
[Date "2005.08.31"]
[Round "6.9"]
[White "Ashton, Adam"]
[Black "Megaranto, Susanto"]
[Result "0-1"]
[WhiteElo "2294"]
[BlackElo "2499"]
[PlyCount "59"]
[EventDate "2005.08.27"]
[EventType "swiss"]
[EventRounds "10"]
[EventCountry "ESP"]
[Source "lmi"]
[SourceDate "2005.08.30"]

1. e4 c6 2. d4 d5 3. exd5 cxd5 4. c4 Nf6 5. Nc3 e6 6. Nf3 Bb4 7. cxd5 Nxd5 8.
Qc2 Nc6 9. Bd3 h6 10. O-O O-O 11. Rd1 Bd7 12. a3 Be7 13. Qe2 Rc8 14. Qe4 Nf6
15. Qh4 Nd5 16. Qg3 Kh8 17. Nxd5 exd5 18. Bf4 Bf6 19. Be5 Be6 20. Re1 Bxe5 21.
dxe5 Qb6 22. Re2 Rc7 23. Rae1 Qb3 24. Bb1 Qa4 25. h3 Rfc8 26. Bc2 Qc4 27. Bb1
a5 28. Nd2 Qb5 29. Nf3 Qa4 30. Kh2 0-1